000 00522nam a22001577a 4500
003 OSt
008 260603b |||||||| |||| 00| 0 eng d
020 _a9781118782354
082 _a572.330285
_bL72B
245 _aBioinformatics in Aquaculture: Principles and Methods/
_bedited by Zhanjiang (John) Liu
260 _aLondon:
_bWilley Blackwell;
_c2017
300 _axxxiii, 557 p.; some col. plates
650 _aPure Sciences | Biology | Bioinformatics | Mathematics
700 _aLiu, Zhanjiang (John)
942 _2ddc
_cBK
999 _c51286
_d51286